Datum a čas kvízu
37
Celkem bodů
Celkový počet nahraných bodů na tomto kvízu bez doplňovacích otázek.
3.
Pořadí na kvízu
Konečné umístění týmu na tomto kvízu.
Zaznamenané odpovědi
| # | Otázka | Odpověď | Body | Výsledky |
|---|---|---|---|---|
| 1. | Bývalá první dáma oslavila v ú... | Ivana Zemanová, 60 | 1 | |
| 2. | V pondělí byl v Paříži zahájen... | Kim Kardashian | 1 | |
| 3. | Režisér Karel Janák minulý týd... | Snowboarďáci | 1 | |
| 4. | Který evropský poloostrov post... | Pyrenejský (Iberský) | 1 | |
| 5. | Česká rychlobruslařka Martina... | Nikola Zdráhalová | 1 | |
| 6. | Podíváme se na několik známých... | Džoser | 0 | |
| 7. | V Egyptě ještě chvíli zůstanem... | Hatšepsut (Hatšepsovet) | 1 | |
| 8. | Kdo je pohřben pod tímto náhro... | Josef Skupa | 1 | |
| 9. | Ve které evropské metropoli se... | v Paříži | 1 | |
| 10. | V poslední otázce tématu se po... | Jenny Gump | 1 |